Drug Classes - Statistics

General Stats
  • This quiz has been taken 75 times
  • The average score is 16 of 40
Answer Stats
Hint Answer % Correct
β-blocker Bisoprolol
69%
Anti-viral (DNA pol inhib) Acyclovir
65%
Loop diuretic Furosemide
65%
Aldosterone antagonist Spironolactone
61%
ARB Losartan
59%
Aminoglycoside Gentamicin
56%
CCB Nifedipine
54%
SNRI Duloxetine
52%
Opoid antagonist Naloxone
52%
Anti-viral (Release inhib) oseltamivir
50%
bio DMARD Adalimumab
48%
Quinolones Ciprofloxacin
48%
NSAID (non-selective) diclofenac
48%
SSRI Fluxoetine
48%
ACEI Captopril
46%
Anti-epileptic Carbamezapine
46%
Anti-fungal Nystatin
44%
Antihistamines diphenhydramine
43%
NSAID (selective) Meloxicam
43%
Opoid agonist Methadone
43%
Xanthine Oxidase Inhib Allopurinol
41%
SGLT-2 Inhib Glifozin
41%
Macrolide Azithromycin
39%
β-lactam antibiotic Ceftriaxone
39%
HMG-CoA RI Lovastatin
39%
β-agonist Salbutamol
37%
Anti-coagulant Fondaparinux
35%
Cortisteroid β-methasone
35%
non-bio DMARD Methotrexate
35%
Anti-cholinestrase Physiostigmine
35%
α1-blocker Prazosin
35%
Mucolytic Bromhexine
33%
Fibrinolytic Streptokinase
30%
α2-agonist Clonidine
28%
TCA Impiramine
24%
COMT inhib Entacapone
22%
MAOI Selegilline
19%
Tocolytic Atosiban
17%
α1-agonist Oxymetazoline
15%
Oxytocic Ergometrine
11%
No matching quizzes found
Score Distribution
Percent of People with Each Score
Percentile by Number Answered
Your Score History
You have not taken this quiz